El nuevo tiempo del Estado. La política posneoliberal del correísmo /

Uloženo v:
Podrobná bibliografie
Hlavní autor: Ramírez Gallegos, Franklin
Další autoři: Minteguiaga, Analía
Médium: Text
Témata:
Tagy: Přidat tag
Žádné tagy, Buďte první, kdo vytvoří štítek k tomuto záznamu!

MARC

LEADER 00000 a a2200000 04500
001 11056
003
040
100 |a Ramírez Gallegos, Franklin  
245 |a El nuevo tiempo del Estado. La política posneoliberal del correísmo /  |c Franklin Ramírez Gallegos  
650 |a PARTICIPACION POPULAR  
650 |a ESTADO  
650 |a VENEZUELA  
700 |a Minteguiaga, Analía  
773 |g volumen 8, número 22; páginas 87-103  
999 |c 39614  |d 39614